Notas sobre la concepción del mundo y política
Gespeichert in:
| 1. Verfasser: | |
|---|---|
| Format: | Buch |
| Sprache: | Spanisch |
| Veröffentlicht: |
Buenos Aires
EUDEBA
1969
|
| Schriftenreihe: | Ediciones Previas. Filosofía
|
| Schlagworte: | |
| Tags: |
Tag hinzufügen
Keine Tags, Fügen Sie den ersten Tag hinzu!
|
MARC
| LEADER | 00000nam a2200000 a 4500 | ||
|---|---|---|---|
| 001 | UCT6885 | ||
| 003 | CL-VaPUC | ||
| 008 | 970113e19690000AG |||||||||||||||||spa|d | ||
| 082 | 0 | 4 | |a 320.011 |b ARI |2 21 |
| 100 | 0 | |a Arias Pelerano, Francisco |e author |9 377233 | |
| 245 | 1 | 0 | |a Notas sobre la concepción del mundo y política |
| 300 | |a 77 p | ||
| 942 | |c BK | ||
| 945 | |d 19970113 00:00:00 |a paguirre | ||
| 260 | |a Buenos Aires |b EUDEBA |c 1969 | ||
| 650 | 0 | |a Política |9 255312 | |
| 650 | 0 | |a Ciencias Políticas |9 255201 | |
| 650 | 0 | |a Ideologías |9 255200 | |
| 650 | 7 | |a FILOSOFIA POLITICA |2 CL-VaPUC |9 377234 | |
| 650 | 0 | |a Liberalismo |9 255715 | |
| 650 | 7 | |a MARXISMO |2 CL-VaPUC |9 377235 | |
| 650 | 0 | |a Iglesia y Estado |9 254995 | |
| 650 | 0 | |a Catolicismo |9 258690 | |
| 583 | |a last modification |c 19970113 00:00:00 |k Rodrigo Vera | ||
| 490 | 0 | |a Ediciones Previas. Filosofía | |
| 999 | |c 255555 |d 255553 | ||
| 952 | |0 0 |1 0 |4 0 |6 320_011000000000000_ARI_1969 |7 0 |8 A |9 277838 |a BIBDER |b BIBDER |d 2019-11-19 |i 1803727 |o 320.011 ARI 1969 |p 1803727 |r 2023-01-25 |w 2019-11-19 |y BK |k DER | ||
| 952 | |0 0 |1 0 |4 0 |6 320_011000000000000_ARI_1969 |7 0 |8 X |9 277839 |a FDOBUD |b FDOBUD |d 2019-11-19 |i 4526570 |o 320.011 ARI 1969 |p 4526570 |r 2019-11-19 |w 2019-11-19 |y BK_X |k BUD | ||